Conventions collectives

Saved in:
Bibliografiske detaljer
Hovedforfatter: Despax, Michel (Author)
Format: Bog
Sprog:fransk
Udgivet: París Dalloz 1966
Serier:Traité de Droit du Travail, 7
Fag:
Tags: Tilføj Tag
Ingen Tags, Vær først til at tagge denne postø!

MARC

LEADER 00000nam a2200000 a 4500
001 UCS2534
003 CL-VaPUC
008 970604e19660000FR |||||||||||||||||fre|d
082 0 4 |a 344.018  |b DES  |2 21 
100 0 |a Despax, Michel  |e author  |9 388080 
245 1 0 |a Conventions collectives 
300 |a 454 p 
942 |c BK 
945 |d 19970604 00:00:00  |a paguirre 
260 |a París  |b Dalloz  |c 1966 
650 7 |a DERECHO LABORAL  |2 CL-VaPUC  |9 15 
650 0 |a Negociación colectiva  |9 312433 
650 7 |a CONVENIOS COLECTIVOS  |2 CL-VaPUC  |9 388081 
650 0 |a Sindicatos  |9 255034 
650 7 |a FUERO SINDICAL  |2 CL-VaPUC  |9 383815 
583 |a last modification  |c 20170712 04:00:23  |k Rodrigo Vera 
490 0 |a Traité de Droit du Travail, 7 
999 |c 260480  |d 260478 
952 |0 0  |1 0  |4 0  |6 344_018000000000000_DES_1966  |7 0  |8 A  |9 286647  |a BIBDER  |b BIBDER  |d 2019-11-19  |i 1859919  |o 344.018 DES 1966  |p 1859919  |r 2023-01-25  |w 2019-11-19  |y BK  |k DER